[Event "Stay Safe Play From Home 263"]
[Site "Emanuel Lasker Arena"]
[Date "2020.06.29"]
[Round "6"]
[White "Praveen prasad"]
[Black "Trotsky"]
[Result "1-0"]
[WhiteElo "2228"]
[BlackElo "1632"]
[PlyCount "71"]
[EventDate "2020.06.29"]
[EventType "swiss (blitz)"]

1. e4 {[%emt 0:00:00]} c5 {[%emt 0:00:01]} 2. Nf3 {[%emt 0:00:01]} e6 {[%emt 0:00:00]} 3. d4 {[%emt 0:00:00]} d5 {[%emt 0:00:00]} 4. exd5 {[%emt 0:00:01]} exd5 {[%emt 0:00:01]} 5. Bb5+ {[%emt 0:00:01]} Nc6 {[%emt 0:00:01]} 6. O-O {[%emt 0:00:02]} Be6 {[%emt 0:00:01]} 7. Nc3 {[%emt 0:00:01]} Nf6 {[%emt 0:00:03]} 8. Re1 {[%emt 0:00:01]} Qc7 {[%emt 0:00:01]} 9. Ne5 {[%emt 0:00:02]} Bd6 {[%emt 0:00:03]} 10. Bf4 {[%emt 0:00:01]} O-O-O {[%emt 0:00:01]} 11. Nxc6 {[%emt 0:00:08]} bxc6 {[%emt 0:00:02]} 12. Ba6+ {[%emt 0:00:02]} Kb8 {[%emt 0:00:01]} 13. Bxd6 {[%emt 0:00:00]} Qxd6 {[%emt 0:00:01]} 14. dxc5 {[%emt 0:00:01]} Qc7 {[%emt 0:00:01]} 15. Qd4 {[%emt 0:00:03]} Ng4 {[%emt 0:00:02]} 16. g3 {[%emt 0:00:02]} h5 {[%emt 0:00:01]} 17. h4 {[%emt 0:00:02]} g5 {[%emt 0:00:02]} 18. hxg5 {[%emt 0:00:07]} h4 {[%emt 0:00:01]} 19. Qf4 {[%emt 0:00:01]} Qxf4 {[%emt 0:00:06]} 20. gxf4 {[%emt 0:00:00]} h3 {[%emt 0:00:04]} 21. Be2 {[%emt 0:00:01]} h2+ {[%emt 0:00:01]} 22. Kg2 {[%emt 0:00:01]} Nxf2 {[%emt 0:00:04]} 23. Kxf2 {[%emt 0:00:01]} d4 {[%emt 0:00:03]} 24. Ne4 {[%emt 0:00:02]} Bd5 {[%emt 0:00:01]} 25. Bf3 {[%emt 0:00:00]} Rde8 {[%emt 0:00:03]} 26. b3 {[%emt 0:00:01]} Bxe4 {[%emt 0:00:01]} 27. Rxe4 {[%emt 0:00:01]} Rxe4 {[%emt 0:00:01]} 28. Bxe4 {[%emt 0:00:00]} f5 {[%emt 0:00:02]} 29. gxf6 {[%emt 0:00:01]} Rf8 {[%emt 0:00:02]} 30. Rh1 {[%emt 0:00:01]} Rxf6 {[%emt 0:00:01]} 31. f5 {[%emt 0:00:00]} Rh6 {[%emt 0:00:01]} 32. Kg2 {[%emt 0:00:01]} Rh4 {[%emt 0:00:01]} 33. Bf3 {[%emt 0:00:01]} Rf4 {[%emt 0:00:01]} 34. Rxh2 {[%emt 0:00:01]} d3 {[%emt 0:00:01]} 35. cxd3 {[%emt 0:00:01]} Rd4 {[%emt 0:00:01]} 36. Rh7 {[%emt 0:00:02] . Âðåìÿ (Lag: Av=0.47s, max=0.9s)} 1-0

[Event "Stay Safe Play From Home 263"]
[Site "Emanuel Lasker Arena"]
[Date "2020.06.29"]
[Round "6"]
[White "Lazieri3"]
[Black "Fischer_11"]
[Result "0-1"]
[WhiteElo "2090"]
[BlackElo "1910"]
[Annotator "NA"]
[PlyCount "86"]
[EventDate "2020.06.29"]
[EventType "swiss (blitz)"]

1. e4 {[%emt 0:00:01]} Nf6 {[%emt 0:00:02]} 2. Nc3 {[%emt 0:00:00]} d5 {[%emt 0:00:01]} 3. exd5 {[%emt 0:00:00]} Nxd5 {[%emt 0:00:00]} 4. Nxd5 {[%emt 0:00:00]} Qxd5 {[%emt 0:00:00]} 5. Qf3 {[%emt 0:00:01]} Qxf3 {[%emt 0:00:02]} 6. Nxf3 {[%emt 0:00:01]} Nc6 {[%emt 0:00:00]} 7. Bb5 {[%emt 0:00:01]} Bd7 {[%emt 0:00:00]} 8. d4 {[%emt 0:00:02]} O-O-O {[%emt 0:00:01]} 9. c3 {[%emt 0:00:01]} f6 {[%emt 0:00:03]} 10. Bf4 {[%emt 0:00:02]} e6 {[%emt 0:00:01]} 11. O-O {[%emt 0:00:01]} Bd6 {[%emt 0:00:00]} 12. Bxd6 {[%emt 0:00:02]} cxd6 {[%emt 0:00:00]} 13. d5 {[%emt 0:00:01]} exd5 {[%emt 0:00:02]} 14. Rad1 {[%emt 0:00:02]} Be6 {[%emt 0:00:02]} 15. Nd4 {[%emt 0:00:03]} Nxd4 {[%emt 0:00:02]} 16. Rxd4 {[%emt 0:00:00]} Kc7 {[%emt 0:00:03]} 17. Rfd1 {[%emt 0:00:02]} Kb6 {[%emt 0:00:02]} 18. Ba4 {[%emt 0:00:01]} Kc5 {[%emt 0:00:02]} 19. Bb3 {[%emt 0:00:04]} Rhe8 {[%emt 0:00:01]} 20. Bxd5 {[%emt 0:00:01]} Bxd5 {[%emt 0:00:01]} 21. Rxd5+ {[%emt 0:00:00]} Kc6 {[%emt 0:00:00]} 22. h3 {[%emt 0:00:02]} Re5 {[%emt 0:00:01]} 23. R5d2 {[%emt 0:00:02]} d5 {[%emt 0:00:01]} 24. f3 {[%emt 0:00:01]} a5 {[%emt 0:00:01]} 25. c4 {[%emt 0:00:02]} Kc5 {[%emt 0:00:04]} 26. cxd5 {[%emt 0:00:01]} Rexd5 {[%emt 0:00:00]} 27. Rxd5+ {[%emt 0:00:01]} Rxd5 {[%emt 0:00:00]} 28. Rc1+ {[%emt 0:00:01]} Kd4 {[%emt 0:00:02]} 29. Rc7 {[%emt 0:00:02]} Rb5 {[%emt 0:00:03]} 30. b3 {[%emt 0:00:02]} g5 {[%emt 0:00:04]} 31. Rxh7 {[%emt 0:00:01]} Kc3 {[%emt 0:00:00]} 32. Rf7 {[%emt 0:00:02]} Kb2 {[%emt 0:00:01]} 33. Rxf6 {[%emt 0:00:01]} Kxa2 {[%emt 0:00:00]} 34. h4 {[%emt 0:00:00]} gxh4 {[%emt 0:00:01]} 35. f4 {[%emt 0:00:00]} Kxb3 {[%emt 0:00:01]} 36. f5 {[%emt 0:00:00]} a4 {[%emt 0:00:00]} 37. Rf8 {[%emt 0:00:01]} Ra5 {[%emt 0:00:01]} 38. f6 {[%emt 0:00:01]} a3 {[%emt 0:00:01]} 39. Rb8 {[%emt 0:00:01]} b5 {[%emt 0:00:02]} 40. f7 {[%emt 0:00:01]} a2 {[%emt 0:00:00]} 41. f8=Q {[%emt 0:00:01]} a1=Q+ {[%emt 0:00:01]} 42. Kh2 {[%emt 0:00:01]} Qe5+ {[%emt 0:00:02]} 43. Kh3 {[%emt 0:00:00]} Qg3# {[%emt 0:00:01] (Lag: Av=0.55s, max=2.5s)} 0-1

[Event "Stay Safe Play From Home 263"]
[Site "Emanuel Lasker Arena"]
[Date "2020.06.29"]
[Round "6"]
[White "Tumnik_ad"]
[Black "Edmatuag"]
[Result "1-0"]
[WhiteElo "2002"]
[BlackElo "1681"]
[Annotator "NA"]
[PlyCount "93"]
[EventDate "2020.06.29"]
[EventType "swiss (blitz)"]

1. c3 {[%emt 0:00:01]} d5 {[%emt 0:00:01]} 2. d3 {[%emt 0:00:00]} c6 {[%emt 0:00:01]} 3. Nd2 {[%emt 0:00:00]} Nd7 {[%emt 0:00:01]} 4. h3 {[%emt 0:00:00]} Ndf6 {[%emt 0:00:01]} 5. g4 {[%emt 0:00:00]} e5 {[%emt 0:00:00]} 6. Bg2 {[%emt 0:00:00]} Ne7 {[%emt 0:00:01]} 7. Nf1 {[%emt 0:00:00]} Ng6 {[%emt 0:00:01]} 8. Ng3 {[%emt 0:00:01]} Nh4 {[%emt 0:00:01]} 9. Nf3 {[%emt 0:00:02]} Nxg2+ {[%emt 0:00:02]} 10. Kf1 {[%emt 0:00:01]} Nf4 {[%emt 0:00:01]} 11. e3 {[%emt 0:00:02]} Ng6 {[%emt 0:00:02]} 12. g5 {[%emt 0:00:03]} Nd7 {[%emt 0:00:02]} 13. h4 {[%emt 0:00:00]} Bd6 {[%emt 0:00:02]} 14. h5 {[%emt 0:00:01]} Ne7 {[%emt 0:00:01]} 15. e4 {[%emt 0:00:01]} Nb6 {[%emt 0:00:02]} 16. Qb3 {[%emt 0:00:02]} Bg4 {[%emt 0:00:02]} 17. Nh2 {[%emt 0:00:01]} Qd7 {[%emt 0:00:02]} 18. f3 {[%emt 0:00:03]} Bh3+ {[%emt 0:00:01]} 19. Kf2 {[%emt 0:00:01]} h6 {[%emt 0:00:01]} 20. a4 {[%emt 0:00:03]} hxg5 {[%emt 0:00:04]} 21. a5 {[%emt 0:00:01]} Nbc8 {[%emt 0:00:01]} 22. Bxg5 {[%emt 0:00:00]} f6 {[%emt 0:00:01]} 23. Be3 {[%emt 0:00:02]} dxe4 {[%emt 0:00:01]} 24. Nxe4 {[%emt 0:00:04]} Be6 {[%emt 0:00:00]} 25. Qa4 {[%emt 0:00:04]} Nd5 {[%emt 0:00:01]} 26. Bc5 {[%emt 0:00:03]} Nf4 {[%emt 0:00:04]} 27. Bxd6 {[%emt 0:00:02]} Nxd6 {[%emt 0:00:01]} 28. Nxd6+ {[%emt 0:00:00]} Qxd6 {[%emt 0:00:00]} 29. Qa3 {[%emt 0:00:00]} Qxa3 {[%emt 0:00:01]} 30. Rxa3 {[%emt 0:00:00]} Nxd3+ {[%emt 0:00:01]} 31. Ke3 {[%emt 0:00:01]} Nc5 {[%emt 0:00:01]} 32. Kd2 {[%emt 0:00:01]} Nd7 {[%emt 0:00:01]} 33. Kc1 {[%emt 0:00:00]} O-O-O {[%emt 0:00:01]} 34. Ng4 {[%emt 0:00:00]} Kb8 {[%emt 0:00:01]} 35. Ne3 {[%emt 0:00:01]} f5 {[%emt 0:00:01]} 36. Nc2 {[%emt 0:00:00]} f4 {[%emt 0:00:01]} 37. Nb4 {[%emt 0:00:00]} Bf5 {[%emt 0:00:01]} 38. a6 {[%emt 0:00:00]} b6 {[%emt 0:00:02]} 39. Nxc6+ {[%emt 0:00:01]} Kc7 {[%emt 0:00:00]} 40. Ne7 {[%emt 0:00:00]} Rdf8 {[%emt 0:00:02]} 41. Nd5+ {[%emt 0:00:01]} Kd6 {[%emt 0:00:02]} 42. Nb4 {[%emt 0:00:00]} Kc5 {[%emt 0:00:01]} 43. Rd1 {[%emt 0:00:00]} Nf6 {[%emt 0:00:02]} 44. Nc2 {[%emt 0:00:01]} Kc6 {[%emt 0:00:01]} 45. b4 {[%emt 0:00:00]} Kc7 {[%emt 0:00:01]} 46. Ne1 {[%emt 0:00:01]} Rd8 {[%emt 0:00:01]} 47. Nd3 {[%emt 0:00:00] Time (Lag: Av=0.44s, max=1.0s) '} 1-0

[Event "Stay Safe Play From Home 263"]
[Site "Emanuel Lasker Arena"]
[Date "2020.06.29"]
[Round "6"]
[White "Bardellosport"]
[Black "Tolka"]
[Result "1/2-1/2"]
[WhiteElo "2000"]
[BlackElo "2308"]
[Annotator "RC"]
[PlyCount "63"]
[EventDate "2020.06.29"]
[EventType "swiss (blitz)"]

1. d4 {[%emt 0:00:01]} d6 {[%emt 0:00:00]} 2. e3 {[%emt 0:00:00]} Nf6 {[%emt 0:00:01]} 3. f4 {[%emt 0:00:00]} g6 {[%emt 0:00:01]} 4. Nf3 {[%emt 0:00:00]} Bg7 {[%emt 0:00:00]} 5. Bc4 {[%emt 0:00:00]} O-O {[%emt 0:00:00]} 6. Qe2 {[%emt 0:00:00]} c6 {[%emt 0:00:00]} 7. e4 {[%emt 0:00:01]} b5 {[%emt 0:00:00]} 8. Bd3 {[%emt 0:00:01]} Na6 {[%emt 0:00:01]} 9. e5 {[%emt 0:00:01]} Nd5 {[%emt 0:00:01]} 10. c3 {[%emt 0:00:01]} Bg4 {[%emt 0:00:04]} 11. O-O {[%emt 0:00:01]} Nac7 {[%emt 0:00:02]} 12. h3 {[%emt 0:00:01]} Bxf3 {[%emt 0:00:01]} 13. Qxf3 {[%emt 0:00:00]} e6 {[%emt 0:00:01]} 14. Nd2 {[%emt 0:00:02]} a6 {[%emt 0:00:01]} 15. Ne4 {[%emt 0:00:01]} dxe5 {[%emt 0:00:01]} 16. fxe5 {[%emt 0:00:00]} Ne8 {[%emt 0:00:03]} 17. Bg5 {[%emt 0:00:04]} f6 {[%emt 0:00:01]} 18. exf6 {[%emt 0:00:01]} Nexf6 {[%emt 0:00:01]} 19. Nxf6+ {[%emt 0:00:00]} Nxf6 {[%emt 0:00:01]} 20. Bxf6 {[%emt 0:00:01]} Rxf6 {[%emt 0:00:02]} 21. Qe3 {[%emt 0:00:02]} Qd6 {[%emt 0:00:03]} 22. Rxf6 {[%emt 0:00:01]} Bxf6 {[%emt 0:00:00]} 23. Rf1 {[%emt 0:00:02]} Rf8 {[%emt 0:00:01]} 24. g4 {[%emt 0:00:02]} Bg7 {[%emt 0:00:01]} 25. Qe2 {[%emt 0:00:01]} Rxf1+ {[%emt 0:00:01]} 26. Kxf1 {[%emt 0:00:01]} Qg3 {[%emt 0:00:00]} 27. Qxe6+ {[%emt 0:00:06]} Kf8 {[%emt 0:00:00]} 28. Qc8+ {[%emt 0:00:03]} Kf7 {[%emt 0:00:01]} 29. Qb7+ {[%emt 0:00:02]} Kf8 {[%emt 0:00:01]} 30. Qc8+ {[%emt 0:00:01]} Kf7 {[%emt 0:00:01]} 31. Qb7+ {[%emt 0:00:00]} Kf8 {[%emt 0:00:00]} 32. Qc8+ {[%emt 0:00:00] (Lag: Av=0.30s, max=0.8s)} 1/2-1/2

[Event "Stay Safe Play From Home 263"]
[Site "Emanuel Lasker Arena"]
[Date "2020.06.29"]
[Round "6"]
[White "Bishop91"]
[Black "NeatFox"]
[Result "1-0"]
[WhiteElo "1757"]
[BlackElo "1846"]
[Annotator "NA"]
[PlyCount "47"]
[EventDate "2020.06.29"]
[EventType "swiss (blitz)"]

1. e4 {[%emt 0:00:01]} b6 {[%emt 0:00:02]} 2. Nf3 {[%emt 0:00:01]} Bb7 {[%emt 0:00:01]} 3. Nc3 {[%emt 0:00:00]} e6 {[%emt 0:00:03]} 4. d4 {[%emt 0:00:00]} d5 {[%emt 0:00:01]} 5. e5 {[%emt 0:00:00]} c5 {[%emt 0:00:01]} 6. Be3 {[%emt 0:00:02]} cxd4 {[%emt 0:00:00]} 7. Bxd4 {[%emt 0:00:00]} Nc6 {[%emt 0:00:00]} 8. Be2 {[%emt 0:00:01]} Nxd4 {[%emt 0:00:01]} 9. Nxd4 {[%emt 0:00:01]} Bc5 {[%emt 0:00:01]} 10. O-O {[%emt 0:00:02]} Ne7 {[%emt 0:00:03]} 11. f4 {[%emt 0:00:03]} O-O {[%emt 0:00:00]} 12. Kh1 {[%emt 0:00:01]} Nc6 {[%emt 0:00:00]} 13. Nxc6 {[%emt 0:00:02]} Bxc6 {[%emt 0:00:00]} 14. a3 {[%emt 0:00:01]} Be7 {[%emt 0:00:01]} 15. b4 {[%emt 0:00:03]} Rc8 {[%emt 0:00:00]} 16. Nb5 {[%emt 0:00:01]} Bb7 {[%emt 0:00:00]} 17. Nd4 {[%emt 0:00:01]} Rc7 {[%emt 0:00:04]} 18. Bd3 {[%emt 0:00:01]} Qc8 {[%emt 0:00:07]} 19. Rf3 {[%emt 0:00:01]} a5 {[%emt 0:00:03]} 20. Rh3 {[%emt 0:00:01]} axb4 {[%emt 0:00:01]} 21. Bxh7+ {[%emt 0:00:02]} Kh8 {[%emt 0:00:01]} 22. Bd3+ {[%emt 0:00:14]} Kg8 {[%emt 0:00:03]} 23. Qh5 {[%emt 0:00:00]} f6 {[%emt 0:00:01]} 24. Bg6 {[%emt 0:00:03] NeatFox gibt auf (Lag: Av=0.30s, max=0.9s)} 1-0

[Event "Stay Safe Play From Home 263"]
[Site "Emanuel Lasker Arena"]
[Date "2020.06.29"]
[Round "6"]
[White "Klasman"]
[Black "GIULIO19031975"]
[Result "0-1"]
[WhiteElo "1301"]
[BlackElo "1749"]
[Annotator "NA"]
[PlyCount "54"]
[EventDate "2020.06.29"]
[EventType "swiss (blitz)"]

1. f4 {[%emt 0:00:01]} c5 {[%emt 0:00:01]} 2. Nf3 {[%emt 0:00:02]} e6 {[%emt 0:00:00]} 3. c4 {[%emt 0:00:01]} d5 {[%emt 0:00:00]} 4. e3 {[%emt 0:00:01]} d4 {[%emt 0:00:01]} 5. d3 {[%emt 0:00:01]} dxe3 {[%emt 0:00:01]} 6. Bxe3 {[%emt 0:00:02]} Nc6 {[%emt 0:00:00]} 7. Nc3 {[%emt 0:00:02]} h6 {[%emt 0:00:00]} 8. Be2 {[%emt 0:00:02]} Nf6 {[%emt 0:00:00]} 9. O-O {[%emt 0:00:03]} Be7 {[%emt 0:00:05]} 10. Ne5 {[%emt 0:00:01]} Bd7 {[%emt 0:00:09]} 11. Nxd7 {[%emt 0:00:03]} Qxd7 {[%emt 0:00:01]} 12. Bf3 {[%emt 0:00:03]} Nd4 {[%emt 0:00:01]} 13. Nb5 {[%emt 0:00:05]} Nxb5 {[%emt 0:00:01]} 14. cxb5 {[%emt 0:00:02]} O-O {[%emt 0:00:01]} 15. a4 {[%emt 0:00:02]} Rac8 {[%emt 0:00:01]} 16. Rc1 {[%emt 0:00:03]} b6 {[%emt 0:00:01]} 17. Qb3 {[%emt 0:00:03]} Nd5 {[%emt 0:00:01]} 18. Bxd5 {[%emt 0:00:04]} exd5 {[%emt 0:00:00]} 19. f5 {[%emt 0:00:02]} c4 {[%emt 0:00:00]} 20. dxc4 {[%emt 0:00:02]} d4 {[%emt 0:00:01]} 21. Bf2 {[%emt 0:00:04]} Bc5 {[%emt 0:00:01]} 22. Qf3 {[%emt 0:00:03]} d3 {[%emt 0:00:01]} 23. f6 {[%emt 0:00:01]} Bxf2+ {[%emt 0:00:02]} 24. Rxf2 {[%emt 0:00:03]} d2 {[%emt 0:00:01]} 25. Rd1 {[%emt 0:00:02]} Rxc4 {[%emt 0:00:03]} 26. fxg7 {[%emt 0:00:02]} Rfc8 {[%emt 0:00:03]} 27. Qf4 {[%emt 0:00:01]} Rc1 {[%emt 0:00:01] Time (Lag: Av=1.63s, max=2.6s)} 0-1

[Event "Stay Safe Play From Home 263"]
[Site "Emanuel Lasker Arena"]
[Date "2020.06.29"]
[Round "7"]
[White "Uber_WING"]
[Black "Broken sword"]
[Result "0-1"]
[WhiteElo "2480"]
[BlackElo "2433"]
[PlyCount "188"]
[EventDate "2020.06.29"]
[EventType "swiss (blitz)"]

1. e4 {[%emt 0:00:01]} c5 {[%emt 0:00:02]} 2. d4 {[%emt 0:00:01]} e6 {[%emt 0:00:00]} 3. Nf3 {[%emt 0:00:01]} cxd4 {[%emt 0:00:01]} 4. c3 {[%emt 0:00:00]} d5 {[%emt 0:00:01]} 5. exd5 {[%emt 0:00:01]} exd5 {[%emt 0:00:00]} 6. Qxd4 {[%emt 0:00:01]} Nf6 {[%emt 0:00:00]} 7. Bb5+ {[%emt 0:00:01]} Nc6 {[%emt 0:00:01]} 8. Bg5 {[%emt 0:00:01]} Be7 {[%emt 0:00:01]} 9. Nbd2 {[%emt 0:00:01]} O-O {[%emt 0:00:00]} 10. Bxc6 {[%emt 0:00:00]} bxc6 {[%emt 0:00:00]} 11. O-O {[%emt 0:00:00]} h6 {[%emt 0:00:01]} 12. Bh4 {[%emt 0:00:02]} Qb6 {[%emt 0:00:00]} 13. Qxb6 {[%emt 0:00:02]} axb6 {[%emt 0:00:00]} 14. Bg3 {[%emt 0:00:00]} Be6 {[%emt 0:00:01]} 15. Rfe1 {[%emt 0:00:01]} Rfe8 {[%emt 0:00:01]} 16. Nd4 {[%emt 0:00:01]} Bd7 {[%emt 0:00:00]} 17. Bc7 {[%emt 0:00:02]} b5 {[%emt 0:00:02]} 18. Bg3 {[%emt 0:00:01]} Bc5 {[%emt 0:00:01]} 19. Rxe8+ {[%emt 0:00:03]} Rxe8 {[%emt 0:00:01]} 20. N2b3 {[%emt 0:00:00]} Bb6 {[%emt 0:00:01]} 21. f3 {[%emt 0:00:02]} Ra8 {[%emt 0:00:02]} 22. a3 {[%emt 0:00:01]} c5 {[%emt 0:00:04]} 23. Nc2 {[%emt 0:00:01]} Re8 {[%emt 0:00:02]} 24. Kf1 {[%emt 0:00:02]} Bc6 {[%emt 0:00:00]} 25. Bf2 {[%emt 0:00:01]} d4 {[%emt 0:00:03]} 26. cxd4 {[%emt 0:00:02]} c4 {[%emt 0:00:00]} 27. Nc5 {[%emt 0:00:01]} Nd5 {[%emt 0:00:01]} 28. Nb4 {[%emt 0:00:01]} Ba8 {[%emt 0:00:02]} 29. Nxd5 {[%emt 0:00:01]} Bxd5 {[%emt 0:00:00]} 30. Re1 {[%emt 0:00:02]} Rd8 {[%emt 0:00:00]} 31. Rd1 {[%emt 0:00:03]} Bc7 {[%emt 0:00:01]} 32. h3 {[%emt 0:00:02]} Bb6 {[%emt 0:00:00]} 33. Ke1 {[%emt 0:00:01]} Ba5+ {[%emt 0:00:01]} 34. Kf1 {[%emt 0:00:01]} Bb6 {[%emt 0:00:00]} 35. Be1 {[%emt 0:00:01]} Rc8 {[%emt 0:00:02]} 36. Bb4 {[%emt 0:00:02]} Bc7 {[%emt 0:00:01]} 37. Re1 {[%emt 0:00:01]} Bg3 {[%emt 0:00:01]} 38. Re7 {[%emt 0:00:01]} Bh4 {[%emt 0:00:00]} 39. Rd7 {[%emt 0:00:01]} Re8 {[%emt 0:00:00]} 40. g3 {[%emt 0:00:02]} Bxf3 {[%emt 0:00:01]} 41. gxh4 {[%emt 0:00:01]} Re2 {[%emt 0:00:00]} 42. a4 {[%emt 0:00:02]} bxa4 {[%emt 0:00:01]} 43. Nxa4 {[%emt 0:00:00]} Rh2 {[%emt 0:00:03]} 44. Rd8+ {[%emt 0:00:00]} Kh7 {[%emt 0:00:01]} 45. Bc3 {[%emt 0:00:00]} Be4 {[%emt 0:00:01]} 46. Kg1 {[%emt 0:00:01]} Rxh3 {[%emt 0:00:01]} 47. Kf1 {[%emt 0:00:00]} Rh2 {[%emt 0:00:01]} 48. Nc5 {[%emt 0:00:01]} Bg6 {[%emt 0:00:02]} 49. Rd7 {[%emt 0:00:00]} Rxh4 {[%emt 0:00:01]} 50. Ra7 {[%emt 0:00:00]} Rf4+ {[%emt 0:00:00]} 51. Ke2 {[%emt 0:00:01]} Rf5 {[%emt 0:00:00]} 52. Kd2 {[%emt 0:00:00]} Bh5 {[%emt 0:00:00]} 53. Na4 {[%emt 0:00:01]} Rf2+ {[%emt 0:00:00]} 54. Kc1 {[%emt 0:00:00]} Be2 {[%emt 0:00:01]} 55. Bd2 {[%emt 0:00:00]} Bd3 {[%emt 0:00:01]} 56. Nc3 {[%emt 0:00:00]} Rf1+ {[%emt 0:00:01]} 57. Nd1 {[%emt 0:00:00]} Be2 {[%emt 0:00:00]} 58. Kc2 {[%emt 0:00:00]} Bxd1+ {[%emt 0:00:00]} 59. Kc3 {[%emt 0:00:00]} Be2 {[%emt 0:00:00]} 60. Bf4 {[%emt 0:00:00]} Bd3 {[%emt 0:00:00]} 61. Be5 {[%emt 0:00:00]} Rf3 {[%emt 0:00:01]} 62. Kb4 {[%emt 0:00:00]} f6 {[%emt 0:00:00]} 63. d5 {[%emt 0:00:00]} fxe5 {[%emt 0:00:02]} 64. Kc3 {[%emt 0:00:00]} Rf8 {[%emt 0:00:00]} 65. Kb4 {[%emt 0:00:00]} Rd8 {[%emt 0:00:00]} 66. Kc5 {[%emt 0:00:00]} e4 {[%emt 0:00:00]} 67. d6 {[%emt 0:00:00]} e3 {[%emt 0:00:00]} 68. Rc7 {[%emt 0:00:00]} e2 {[%emt 0:00:00]} 69. Re7 {[%emt 0:00:00]} Rxd6 {[%emt 0:00:01]} 70. Kxd6 {[%emt 0:00:01]} h5 {[%emt 0:00:00]} 71. Rxe2 {[%emt 0:00:00]} h4 {[%emt 0:00:00]} 72. Rh2 {[%emt 0:00:00]} g5 {[%emt 0:00:00]} 73. Ke5 {[%emt 0:00:00]} Kg6 {[%emt 0:00:00]} 74. Kd4 {[%emt 0:00:01]} Kh5 {[%emt 0:00:00]} 75. Ke3 {[%emt 0:00:00]} Bf1 {[%emt 0:00:00]} 76. Rh1 {[%emt 0:00:00]} Bd3 {[%emt 0:00:00]} 77. Rg1 {[%emt 0:00:00]} Bf5 {[%emt 0:00:00]} 78. Kf2 {[%emt 0:00:00]} Bg4 {[%emt 0:00:00]} 79. Ke1 {[%emt 0:00:00]} Bf5 {[%emt 0:00:00]} 80. Kd2 {[%emt 0:00:00]} Bd3 {[%emt 0:00:00]} 81. Kc3 {[%emt 0:00:00]} Be4 {[%emt 0:00:00]} 82. Re1 {[%emt 0:00:00]} g4 {[%emt 0:00:00]} 83. Rxe4 {[%emt 0:00:01]} g3 {[%emt 0:00:00]} 84. Re5+ {[%emt 0:00:00]} Kg4 {[%emt 0:00:01]} 85. Kxc4 {[%emt 0:00:00]} Kh3 {[%emt 0:00:00]} 86. Rd5 {[%emt 0:00:00]} g2 {[%emt 0:00:00]} 87. Rd4 {[%emt 0:00:00]} g1=Q {[%emt 0:00:01]} 88. Rd3+ {[%emt 0:00:00]} Kg4 {[%emt 0:00:00]} 89. Rg3+ {[%emt 0:00:00]} Qxg3 {[%emt 0:00:01]} 90. b4 {[%emt 0:00:00]} h3 {[%emt 0:00:00]} 91. Kc5 {[%emt 0:00:00]} h2 {[%emt 0:00:00]} 92. Kb6 {[%emt 0:00:00]} h1=Q {[%emt 0:00:00]} 93. Ka6 {[%emt 0:00:00]} Qgf3 {[%emt 0:00:00]} 94. Ka5 {[%emt 0:00:00]} Qb7 {[%emt 0:00:00]} 0-1

[Event "Stay Safe Play From Home 263"]
[Site "Emanuel Lasker Arena"]
[Date "2020.06.29"]
[Round "7"]
[White "Lamborghini"]
[Black "Praveen prasad"]
[Result "0-1"]
[WhiteElo "2301"]
[BlackElo "2229"]
[PlyCount "130"]
[EventDate "2020.06.29"]
[EventType "swiss (blitz)"]

1. e4 {[%emt 0:00:02]} d5 {[%emt 0:00:00]} 2. exd5 {[%emt 0:00:01]} Qxd5 {[%emt 0:00:00]} 3. Nc3 {[%emt 0:00:01]} Qd8 {[%emt 0:00:00]} 4. d4 {[%emt 0:00:01]} Nf6 {[%emt 0:00:00]} 5. Nf3 {[%emt 0:00:01]} c6 {[%emt 0:00:00]} 6. Bc4 {[%emt 0:00:01]} Bf5 {[%emt 0:00:01]} 7. Ne5 {[%emt 0:00:01]} e6 {[%emt 0:00:01]} 8. g4 {[%emt 0:00:01]} Be4 {[%emt 0:00:00]} 9. Nxe4 {[%emt 0:00:01]} Nxe4 {[%emt 0:00:00]} 10. Qf3 {[%emt 0:00:01]} Nd6 {[%emt 0:00:00]} 11. Bb3 {[%emt 0:00:01]} Nd7 {[%emt 0:00:00]} 12. Bf4 {[%emt 0:00:01]} Nxe5 {[%emt 0:00:01]} 13. dxe5 {[%emt 0:00:01]} Nb5 {[%emt 0:00:01]} 14. c3 {[%emt 0:00:01]} Nc7 {[%emt 0:00:01]} 15. h4 {[%emt 0:00:02]} Be7 {[%emt 0:00:01]} 16. g5 {[%emt 0:00:01]} g6 {[%emt 0:00:01]} 17. Qg3 {[%emt 0:00:03]} Nd5 {[%emt 0:00:01]} 18. Bd2 {[%emt 0:00:01]} Qb6 {[%emt 0:00:01]} 19. O-O-O {[%emt 0:00:01]} O-O-O {[%emt 0:00:01]} 20. Qf3 {[%emt 0:00:01]} Rhf8 {[%emt 0:00:02]} 21. h5 {[%emt 0:00:01]} Rd7 {[%emt 0:00:02]} 22. Qe4 {[%emt 0:00:01]} Qd8 {[%emt 0:00:02]} 23. f4 {[%emt 0:00:01]} Bc5 {[%emt 0:00:02]} 24. Kb1 {[%emt 0:00:02]} Qb6 {[%emt 0:00:01]} 25. Rh3 {[%emt 0:00:03]} Rfd8 {[%emt 0:00:01]} 26. Rd3 {[%emt 0:00:02]} Qa6 {[%emt 0:00:04]} 27. Bc4 {[%emt 0:00:03]} Qb6 {[%emt 0:00:02]} 28. Bc1 {[%emt 0:00:01]} Ne7 {[%emt 0:00:02]} 29. Rxd7 {[%emt 0:00:02]} Rxd7 {[%emt 0:00:00]} 30. Rxd7 {[%emt 0:00:01]} Kxd7 {[%emt 0:00:00]} 31. hxg6 {[%emt 0:00:01]} hxg6 {[%emt 0:00:00]} 32. b4 {[%emt 0:00:01]} Bg1 {[%emt 0:00:02]} 33. Kc2 {[%emt 0:00:01]} Qf2+ {[%emt 0:00:02]} 34. Kb3 {[%emt 0:00:01]} Nd5 {[%emt 0:00:01]} 35. Bxd5 {[%emt 0:00:01]} cxd5 {[%emt 0:00:00]} 36. Qd3 {[%emt 0:00:01]} Qb6 {[%emt 0:00:02]} 37. Bd2 {[%emt 0:00:02]} Ke7 {[%emt 0:00:01]} 38. c4 {[%emt 0:00:01]} dxc4+ {[%emt 0:00:03]} 39. Qxc4 {[%emt 0:00:01]} Qd4 {[%emt 0:00:01]} 40. Qxd4 {[%emt 0:00:02]} Bxd4 {[%emt 0:00:00]} 41. Kc4 {[%emt 0:00:00]} Bf2 {[%emt 0:00:01]} 42. b5 {[%emt 0:00:00]} Kd7 {[%emt 0:00:01]} 43. a4 {[%emt 0:00:00]} Kc7 {[%emt 0:00:01]} 44. Bb4 {[%emt 0:00:01]} Bg1 {[%emt 0:00:01]} 45. Bd2 {[%emt 0:00:01]} Kc8 {[%emt 0:00:01]} 46. Bc1 {[%emt 0:00:01]} Bb6 {[%emt 0:00:01]} 47. Bd2 {[%emt 0:00:00]} Bc7 {[%emt 0:00:00]} 48. Be3 {[%emt 0:00:01]} Kd7 {[%emt 0:00:00]} 49. Bxa7 {[%emt 0:00:01]} b6 {[%emt 0:00:01]} 50. a5 {[%emt 0:00:01]} bxa5 {[%emt 0:00:01]} 51. b6 {[%emt 0:00:00]} Bxb6 {[%emt 0:00:02]} 52. Bxb6 {[%emt 0:00:02]} a4 {[%emt 0:00:00]} 53. Bc5 {[%emt 0:00:00]} Kc6 {[%emt 0:00:01]} 54. Ba3 {[%emt 0:00:00]} Kb6 {[%emt 0:00:01]} 55. Kb4 {[%emt 0:00:00]} Kc6 {[%emt 0:00:00]} 56. Kc4 {[%emt 0:00:01]} Kb6 {[%emt 0:00:01]} 57. Kb4 {[%emt 0:00:00]} Kc6 {[%emt 0:00:00]} 58. Kxa4 {[%emt 0:00:01]} Kd5 {[%emt 0:00:00]} 59. Be7 {[%emt 0:00:01]} Ke4 {[%emt 0:00:00]} 60. Bf6 {[%emt 0:00:00]} Kf5 {[%emt 0:00:00]} 61. Kb5 {[%emt 0:00:00]} Kxf4 {[%emt 0:00:00]} 62. Kc6 {[%emt 0:00:00]} Kg4 {[%emt 0:00:00]} 63. Kd7 {[%emt 0:00:00]} Kf5 {[%emt 0:00:00]} 64. Ke8 {[%emt 0:00:00]} Ke4 {[%emt 0:00:00]} 65. Kxf7 {[%emt 0:00:00]} Kf5 {[%emt 0:00:00] Zeit (Lag: Av=0.51s, max=0.8s)} 0-1